Państwo po kawałku granic - Statystyki

Ogólne statystyki
  • Ten quiz został rozwiązany 22 razy
  • Średni wynik to 16 z 26
Statystyki odpowiedzi
Obrazkowy Odpowiedź % Poprawnych
Republika Południowej Afryki
100%
Egipt
87%
Cypr
80%
Dania
80%
Islandia
80%
Meksyk
80%
Monako
80%
Somalia
80%
Turcja
80%
Namibia
73%
Japonia
67%
Kuba
67%
Chile
60%
Pakistan
60%
Papua Nowa Gwinea
60%
Zambia
60%
Azerbejdżan
53%
Czechy
53%
Nowa Zelandia
53%
Sri Lanka
53%
Demokratyczna Republika Konga
47%
Włochy
47%
Kazachstan
40%
Arabia Saudyjska
33%
Korea Północna
33%
Kolumbia
27%
Nie znaleziono quizów pasujących do podanych kryteriów
Rozkład punktacji
Procent ludzi z każdym wynikiem
Percentyl według liczby udzielonych odpowiedzi
Twoja historia wyników
Nie rozwiązałeś tego quizu